000 01884cam a22004934i 4500
003 PE-LiUPU
005 20250731165530.0
008 150623s r 000 0 d
020 _a8470500619
035 _a(Sirsi) i9788470500619
040 _aPE-LiUPU
_bspa
_cPE-LiUPU
_erda
049 _aPRUA
082 0 4 _a270.9
_bH
_221
100 1 _aHernández S. J., Angel Santos,
_eautor.
245 1 0 _aIglesias orientales separadas.
_n30 /
_cAngel Santos Hernández S. J.
264 1 _aValencia, España :
_bEdicep,
_c1978.
300 _a734 páginas :
_bilustraciones fotos, gráficos ;
_c28 centímetros
336 _atext
_2rdacontent
337 _aunmediated
_2rdamedia
338 _avolume
_2rdacarrier
490 0 _aHistoria de la Iglesia
505 0 _aLa iglesia nestoriana (Persia y Mesopotamia). -Iglesias monofisitas. -El drama de la separación de las iglesias. -Iglesias bizantinas. -Iglesias melquitas. -Iglesias eslavas. -La ortodoxia en el resto del mundo.
526 _aSEG44
526 _aSEG26
526 _aP151
526 _aP150
526 _aP149
526 _aP146
526 _aP145
526 _aP126
526 _aP125
526 _aP92
526 _aP75
526 _aP74
526 _aP27
526 _aP15
650 0 4 _aIglesia
_xHistoria
_yIglesias orientales separadas.
942 _2ddc
_cBOOK
949 _aRC 270.9 H 30
_wDEWEY
_c1
_i16943
_lCCODEBUL1
_mBUL
_r0
_sY
_tBOOK
_u2015-6-24
_xTEOLOGIA
_zUNKNOWN
_0COMPRA
_o.CIRCNOTE. No olvidar cambiar la fecha de devolución!!!!!!!
_o.STAFF. Colección General
994 _aC0
_bPEPRU
596 _a1
999 _aRC 270.9 H 30
_wDEWEY
_c36855
_i16943
_f2021-11-8
_g6
_lCCODEBUL1
_mBUL
_r1
_sY
_tBOOK
_u2015-6-24
_xTEOLOGIA
_zUNKNOWN
_0COMPRA
_o.CIRCNOTE. No olvidar cambiar la fecha de devolución!!!!!!!
_o.STAFF. Colección General
_d36855
980 _81
_gALBERTO SANCHEZ Responsable de Automatización